00408nam a2200145Ia 4500100001700000942000700017654001000024245005300034260002000087082002000107300000800127546001200135999001700147952009800164 aParker/ Tim  cRB alinux aLinux Systems Administrators Survival Guide bTechmediac2000 a005.133'L'bPAR a740 aENGLISH c23592d23592 001040708CRCaCRCEbCRCEd2023-03-17l0o005.133'L' PARp11699r2023-03-17w2023-03-17yRB